Красота и куриози в животинския свят (Запис номер 128815)
[ съкратено ]
| 000 -Лидер | |
|---|---|
| Контролно поле с фиксирана дължина | nam a22 a 4500 |
| 003 - Код на организацията, давaща контролен номер | |
| Контролно поле | BLK |
| 005 - Дата и час на последна редакция | |
| Контролно поле | 20211227101900.0 |
| 008 - Елементи от данни с фиксирана дължина | |
| fixed length control field | 180409b bul|||||r ||||||| ||bul|| |
| 010 ## - Наследен системен номер | |
| LC control number | KNG00134546000 |
| 040 ## - Източник на каталожния запис | |
| Идентификатор на билиотеката - собственик на записа | BLK |
| 041 ## - Код за език | |
| Код за езика на текст/звукозапис или на отделно заглавие | Български |
| Код за езика КДБФ | Български |
| 080 ## - УДК | |
| Текстов определител УДК | Зоология. Вж и 636 |
| УДК код - определител по УДК | 59 |
| УДК определител | (02.062) |
| УДК - код + определител | 59(02.062) |
| 100 1# - Редна дума - Автор | |
| Автор | Божков, Димо Кирилов |
| Авторска отговорност | първи автор |
| R(LIN) | 364136 |
| 139 ## - Редно поле | |
| Редна дума | Божков, Димо Кирилов |
| Авторски знак | Божк - Б 57 |
| 245 10 - Сведения за заглавието | |
| Заглавие | Красота и куриози в животинския свят |
| Редно поле (дума) | Димо Кирилов Божков. |
| 257 ## - Страна на издаване | |
| Страна на създаване/издаване | България |
| 260 ## - Област на издателските данни | |
| Място на издаване, разпространение и проч. | София |
| Име на издателя, разпространителя и проч. | Нар. младеж |
| Година на издаване | 1961 |
| Печатница | София : ДПК Д. Благоев |
| 300 ## - Физическа характеристика | |
| Страници | 68 с. |
| Илюстрации и др. | с ил., 4 л. ил. |
| Размери/Мащаб | 21 см |
| 380 ## - Жанр | |
| Жанр | Естествени науки. Математика |
| 490 ## - СЕРИИ (Колекции) | |
| Име на серия | Животът около нас |
| 9 (RLIN) | 206200 |
| 500 ## - Общи забележки | |
| Забележка | 8 100 тир. |
| 650 #4 - Допълнително описание по предмет – тема | |
| Основно описание – тема или топоним | Зоология |
| 9 (RLIN) | 156107 |
| 650 #4 - Допълнително описание по предмет – тема | |
| Основно описание – тема или топоним | Животни |
| 9 (RLIN) | 155466 |
| 653 ## - Ключова дума – ненормативна | |
| Ключова дума | животни |
| 653 ## - Ключова дума – ненормативна | |
| Ключова дума | водни животни |
| 653 ## - Ключова дума – ненормативна | |
| Ключова дума | красота |
| 653 ## - Ключова дума – ненормативна | |
| Ключова дума | куриози |
| 852 ## - Местоположение | |
| Форматна сигнатура | Цб 20146 |
| Фондова буква | Хранилище |
| 856 4# - Електронен адрес и достъп | |
| Електронен формат | pdf - файл |
| 856 4# - Електронен адрес и достъп | |
| Електронен формат | pdf - файл |
| 999 ## - СИСТЕМНИ КОНТРОЛНИ НОМЕРА | |
| Koha biblionumber | 128815 |
| Koha biblioitemnumber | 128815 |
| 942 ## - АРТИКУЛИ | |
| Вид на библиотечния материал | Книги |
| Скрит в OPAC | Не |
| Периодичен библиозапис | Да |
| 944 ## - СЪЗДАВАНЕ И РЕДАКЦИЯ на ЗАПИСА | |
| Създаване/Редакция | Създаване |
| Дата на регистрацията/редакция | 04.10.2012 |
| Статус, дата на статуса | ф / 04.10.2012 |
| Служител, извършил регистрацията/редакцията | Людмила_Стоянова |
| 944 ## - СЪЗДАВАНЕ И РЕДАКЦИЯ на ЗАПИСА | |
| Създаване/Редакция | Редакция |
| Дата на регистрацията/редакция | 03.02.2014 |
| Статус, дата на статуса | ф / 04.10.2012 |
| 999 ## - СИСТЕМНИ КОНТРОЛНИ НОМЕРА | |
| Koha biblioitemnumber | 128815 |
| Код за отписване | Код за изгубен артикул | Източник на класификационната схема | Код за повреда | Коз за рестрикции | Код за отдаване | Артикулен № | Име на библиотеката - собственик | Име на библиотеката, в която се намира в момента | Статус (Текущо местоположение) | Дата на вписване в системата | Местоположение - отдел | Цена в лева | Инвентарен номер | Систематично азбучна сигнатура | Баркод | Номер на екземпляра | Цена в евро | Служебна бележка | Служебен тип на артикула | Бележка за публиката |
|---|---|---|---|---|---|---|---|---|---|---|---|---|---|---|---|---|---|---|---|---|
| Не е изгубен | Universal Decimal Classification | Не е повреден | само за читалня | ползва се в читалня | 209299 | Регионална библиотека "Любен Каравелов" Русе | Регионална библиотека "Любен Каравелов" Русе | Хранилище | 1961-01-01 | Основен фонд - ползва се само за читалня | 0.26 | 11800/61 | Цб 20146 | 900000087247 | 1 | 0.13 | Дост: Pk Вид: Ф N: стар фонд Дата: 01.01.1961 | Книги | ||
| Изтеглен | Не е изгубен | Universal Decimal Classification | Не е повреден | без рестрикции | заемане за дома | 209300 | Регионална библиотека "Любен Каравелов" Русе | Регионална библиотека "Любен Каравелов" Русе | Заемна - подръчен фонд | 1961-01-01 | Заемна - подръчен фонд | 0.00 | 11799/61 | П 59/Б 57 | 11799/61 | 2 | 0.00 | Дост: Pk Вид: Ф N: стар фонд Дата: 01.01.1961 | Книги | |
| Изтеглен | Не е изгубен | Universal Decimal Classification | Не е повреден | без рестрикции | заемане за дома | 209301 | Регионална библиотека "Любен Каравелов" Русе | Регионална библиотека "Любен Каравелов" Русе | Заемна - подръчен фонд | 1961-01-01 | Заемна - подръчен фонд | 0.00 | 11801/61 | П 59/Б 57 | 11801/61 | 3 | 0.00 | Дост: Pk Вид: Ф N: стар фонд Дата: 01.01.1961 | Книги | |
| Изтеглен | Не е изгубен | Universal Decimal Classification | Не е повреден | без рестрикции | заемане за дома | 209302 | Регионална библиотека "Любен Каравелов" Русе | Регионална библиотека "Любен Каравелов" Русе | Заемна - подръчен фонд | 1961-01-01 | Заемна - подръчен фонд | 0.00 | 11802/61 | П 59/Б 57 | 11802/61 | 4 | 0.00 | Дост: Pk Вид: Ф N: стар фонд Дата: 01.01.1961 | Книги | |
| Изтеглен | Не е изгубен | Не е повреден | без рестрикции | заемане за дома | 209303 | Регионална библиотека "Любен Каравелов" Русе | Регионална библиотека "Любен Каравелов" Русе | 1961-01-01 | Заемна - подръчен фонд | 0.26 | 81255 | П 59/Б 57 | 81255 | 5 | 0.13 | Дост: Pk Вид: Ф N: стар фонд Дата: 01.01.1961 | Книги | Отч.N: 18/18 , Дата: 22.03.2018 | ||
| Изтеглен | Не е изгубен | Universal Decimal Classification | Не е повреден | без рестрикции | заемане за дома | 209304 | Регионална библиотека "Любен Каравелов" Русе | Регионална библиотека "Любен Каравелов" Русе | Детски отдел | 2014-01-07 | Детски отдел | 2.60 | 120000773281 | ДН 59/Б 57 | 120000773281 | 6 | 1.33 | Дост: DA Вид: А N: 1 Дата: 07.01.2014 Дата инв: 19.08.2015 Бележки инв: Д2015 | Книги |